000 00593nam a2200181 a 4500
001 000016817
005 20200929164951.0
008 100310s1940 dr 000 0 spa d
040 _aDO-SdBNP
_bspa
_cBNPHU
100 1 _aRepública Dominicana
_935843
240 1 0 _a[Leyes, etc. ]
245 1 0 _aCódigo de procedimiento civil y leyes que lo completan.
260 _aCiudad Trujillo, República Dominicana :
_bEditora Montalvo,
_c1940.
300 _avii, 238 p. ;
_c25 cm.
500 _a"Edición preparada por F. Tavares hijo."
700 1 _aTavares, Froilán J. R.,
_912248
049 _aBNPD
999 _c16349
_d16349